000 00320nam a22001337a 4500
005 20180628203016.0
008 180628b xxu||||| |||| 00| 0 eng d
041 _aeng
100 _aSINGH AVTAR
_94276
245 _aCONTRACT AND SPECIFIC RELIEF
260 _aLUCKNOW
_bE.B.C.(P) LTD
_c2018
300 _a984p,
942 _cBK
999 _c5704
_d5702